00567 2200217 4500001002100000005001500021035002000036008004100056245009100097100002500188250000600213260003500219300001100254084001400265082000800279650001400287990001200301990001200313990001200325990001200337INLIS00000000000042420240430015240 a0010-0424000400240430 0 ind 1 aRahasia Sains; Ensiklopedia Sains Untuk Anak Seri Makhluk Hidup /cAndarini Trisnasari aTrisnasari, Andarini a1 aJakarta :bRizky Grafis,c2008 a68 hlm a030 AND r a030 4aNon Fiksi a0722500 a0722501 a0722502 a0722503